| 000 | 00818cab a2200241 4500 | ||
|---|---|---|---|
| 001 | WB3207-10 | ||
| 008 | 090401t1996 xxu||||| |||| 00| 0 eng d | ||
| 035 | _a(Sirsi) u27831 | ||
| 041 | _aeng | ||
| 245 | _a£125m leisure investment fund | ||
| 260 | _c1996 | ||
| 350 | _a0 | ||
| 490 |
_aDaily Telegraph _v12 February 1996, 25(1) |
||
| 520 | _aA £125m closed-end commercial leisure property fund has been launched; describes the properties the group of investors aime to purchase or fund and expected yields. | ||
| 650 | _aCLOSED-END FUND | ||
| 650 | _aINVESTMENT MARKET | ||
| 650 | _aLEISURE INVESTMENT | ||
| 650 | _aLEISURE PROPERTY | ||
| 650 | _aPROPERTY INVESTMENT VEHICLES | ||
| 690 | _aPROPERTY-COMMERCIAL PROPERTY-COMMERCIAL PROPERTY FINANCE AND INVESTMENT | ||
| 942 | _n0 | ||
| 948 | _c04/03/1997 | ||
| 999 |
_c18757 _d18757 |
||